Engineering Metrology (Record no. 43331)

MARC details
000 -LEADER
fixed length control field 00345nam a2200145Ia 4500
008 - FIXED-LENGTH DATA ELEMENTS--GENERAL INFORMATION
fixed length control field 211109s9999||||xx |||||||||||||| ||und||
082 ## - DEWEY DECIMAL CLASSIFICATION NUMBER
Classification number 620
Item number ANT-E
100 ## - MAIN ENTRY--PERSONAL NAME
Personal name Anthony, D M
245 #0 - TITLE STATEMENT
Title Engineering Metrology
260 ## - PUBLICATION, DISTRIBUTION, ETC.
Name of publisher, distributor, etc. Pergamon Press
Place of publication, distribution, etc. New York
Date of publication, distribution, etc. 1986
300 ## - PHYSICAL DESCRIPTION
Extent 222p
630 ## - SUBJECT ADDED ENTRY--UNIFORM TITLE
General subdivision GENERAL STACK
942 ## - ADDED ENTRY ELEMENTS (KOHA)
Koha item type BOOK
650 ## - SUBJECT ADDED ENTRY--TOPICAL TERM
Form subdivision Physics
Holdings
Withdrawn status Lost status Damaged status Not for loan Home library Current library Date acquired Cost, normal purchase price Total Checkouts Full call number Barcode Shelving location Date last seen Price effective from Koha item type
        SB LIBRARY SB LIBRARY 09/11/2021 100.00   620 ANT-E 00085249 GENERAL STACK 09/11/2021 09/11/2021 BOOK

Powered by Koha